Gaming Quiz

Random Gaming or Video Games Quiz

Toys and Games by Necktie Quiz Stats

 Plays Quiz Updated Nov 18, 2017

Challenge
Share
Tweet
Score 0/24 Timer 05:00
138 Plays Today
% Correct
Mr. Potato
Head
99%
Tic Tac Toe
96.2%
Chess
95.4%
Pokémon
95.3%
Monopoly
94.8%
Mario
94.3%
Tetris
94.3%
Scrabble
94.1%
Spinning tops
94%
Pac-Man
94%
Darts
93.9%
Donkey Kong
93.7%
% Correct
Barrel of
Monkeys
93.3%
Pong
92.1%
Sudoku
91.4%
Billiards
91.1%
Backgammon
90.2%
Play-Doh
89.7%
Space
Invaders
89.3%
Casino
games
88.9%
Legend of
Zelda
88.3%
Asteroids
87.7%
Bingo
84.1%
Dungeons &
Dragons
82.3%

You're not logged in!

Compare scores with friends on all Sporcle quizzes.
OR
Log In

You Might Also Like...

Show Comments

Extras

Top Quizzes Today


Score Distribution

Your Account Isn't Verified!

In order to create a playlist on Sporcle, you need to verify the email address you used during registration. Go to your Sporcle Settings to finish the process.

Report this User

Report this user for behavior that violates our Community Guidelines.

Details: